000 00640nam a2200241Ia 4500
003 OSt
005 20221007074837.0
006 a|||||r|||| 00| 0
007 ta
008 221006b |||||||| |||| 00| 0 eng d
024 _a13,893
037 _cTextual
040 _aFLL
_cFLL
_beng
041 _2eng
_aeng
082 _aX:3M24xM17, L9.1
100 _aRoy Virendra K.
_9492291
245 0 _aMarxian sociology
260 _aNew Delhi
_bAjanta Publications India
_c1979
300 _axxxv,493p
_ccm.
490 _vVol. 1
942 _hX:3M24xM17, L9.1
_cTEXL
_2CC
999 _c1153887
_d1153887